• 首页
  • 本馆介绍
  • 公告通知
  • 最新文献
  • 馆藏检索
  • 电子资源
  • 读者导购
  • 参考咨询
  • 我的图书馆
  • 登录
  • 详细信息显示
  • 放入我的书架
  • 预约/预借图书
  • 作者相关作品
  • 分类相关作品
  • 丛书相关作品
  • 出版社相关作品

书目信息

  • 表格格式
  • 工作单格式
  • 卡片格式
题名:
实用西洋画基础与入门
    
 
作者: 本丛书编委会编
分册:  
出版信息: 广州   广东世界图书出版公司  2009
页数: 183页
开本: 23cm
丛书名: 新世纪青少年艺术素质培养丛书
单 册:
中图分类: J21-49 , J21
科图分类:
主题词: 西洋画--技法(美术)--青年读物
电子资源:
ISBN: 978-7-5100-0655-5
000 00736nam0 2200229 450
001 2357575073
005 20231207160001.26
010    @a978-7-5100-0655-5@dCNY 38.00
100    @a20100622d2009 am y0chiy0120 ea
101 0  @achi
102    @aCN@b440000
105    @aa z 000yd
200 1  @a实用西洋画基础与入门@Ashi yong xi yang hua ji chu yu ru men@b专著@f本丛书编委会编
210    @a广州@c广东世界图书出版公司@d2009
215    @a183页@d23cm
225 1  @a新世纪青少年艺术素质培养丛书
330    @a本书分为六章,内容包括西洋美术史话、西洋画基础知识、素描、水彩画、水粉画、油画等。
606 0  @a西洋画@x技法(美术)@j青年读物
690    @aJ21-49@v5
690    @aJ21@v4
801  2 @aCN@b辽宁北配@c20231205
905    @aZUCC@dJ21@e46
    
    实用西洋画基础与入门/本丛书编委会编.-广州:广东世界图书出版公司,2009
    183页;23cm.-(新世纪青少年艺术素质培养丛书)
    
    
    ISBN 978-7-5100-0655-5:CNY 38.00
    本书分为六章,内容包括西洋美术史话、西洋画基础知识、素描、水彩画、水粉画、油画等。
●
相关链接 在五车中查询图书 在当当中查询图书 在豆瓣中查询图书


正题名:实用西洋画基础与入门     索取号:J21/46         预约/预借

序号 登录号 条形码 馆藏地/架位号 状态 备注
1 2001210204   2001210204   501书库/ [索取号:J21/46] 在馆    
2 2001210205   2001210205   501书库/ [索取号:J21/46] 在馆    
3 2001210206   2001210206   501书库/ [索取号:J21/46] 在馆    
4 2001210207   2001210207   218书库/ [索取号:J21/46] 在馆    
5 2001210208   2001210208   218书库/ [索取号:J21/46] 在馆    
6 2001210209   2001210209   218书库/ [索取号:J21/46] 在馆    
7 2001210210   2001210210   218书库/ [索取号:J21/46] 在馆    
8 2001210211   2001210211   218书库/ [索取号:J21/46] 在馆    
9 2001210212   2001210212   218书库/ [索取号:J21/46] 在馆    
10 2001210213   2001210213   501书库/ [索取号:J21/46] 在馆    
11 2001210214   2001210214   501书库/ [索取号:J21/46] 在馆    
12 2001210215   2001210215   501书库/ [索取号:J21/46] 在馆    
13 2001210216   2001210216   501书库/ [索取号:J21/46] 在馆    
14 2001210217   2001210217   501书库/ [索取号:J21/46] 在馆    
15 2001210218   2001210218   501书库/ [索取号:J21/46] 在馆    
16 2001210219   2001210219   315书库/ [索取号:J21/46] 在馆    
17 2001210220   2001210220   501书库/ [索取号:J21/46] 在馆    
18 2001210221   2001210221   315书库/ [索取号:J21/46] 在馆    
19 2001210222   2001210222   315书库/ [索取号:J21/46] 在馆    
20 2001210223   2001210223   315书库/ [索取号:J21/46] 在馆    
21 2001210224   2001210224   315书库/ [索取号:J21/46] 在馆    
22 2001210225   2001210225   315书库/ [索取号:J21/46] 在馆    
23 2001210226   2001210226   第四书库/四20架B面3层4列/ [索取号:J21/46] 在馆    
24 2001210227   2001210227   第四书库/四20架B面3层4列/ [索取号:J21/46] 在馆    
25 2001210228   2001210228   第四书库/四20架B面3层4列/ [索取号:J21/46] 在馆    
26 2001210229   2001210229   第四书库/四20架B面3层4列/ [索取号:J21/46] 在馆    
27 2001210230   2001210230   第四书库/四20架B面3层4列/ [索取号:J21/46] 在馆    
28 2001210231   2001210231   第四书库/四20架B面3层4列/ [索取号:J21/46] 在馆    
29 2001210232   2001210232   第四书库/四20架B面3层4列/ [索取号:J21/46] 在馆    
30 2001210233   2001210233   第四书库/四20架B面3层4列/ [索取号:J21/46] 在馆    
山东省滨州职业学院图书馆 欢迎您!
大连网信软件有限公司© 版权所有